| 000 | 00326nam a22001337a 4500 | ||
|---|---|---|---|
| 020 | _a0-330-35314-4 | ||
| 082 |
_a823 _bAND/W |
||
| 100 | _aANDREW, KATE | ||
| 245 |
_aMAKING FRIENDS _bCATCH OUT, SKY |
||
| 260 |
_aGREAT BRITAIN _bMACMILLAN CHILDREN'S BOOK _c1988 |
||
| 300 | _a133 | ||
| 650 |
_aNOVEL _zUNITED KINGDOM |
||
| 942 | _cBK | ||
| 999 |
_c2508 _d2508 |
||